Normal view MARC view
  • Holt, David H

Entry Personal Name

Number of records used in: 1

001 - CONTROL NUMBER

  • control field: 84977

003 - CONTROL NUMBER IDENTIFIER

  • control field: NUST

005 - DATE AND TIME OF LATEST TRANSACTION

  • control field: 20211124103953.0

008 - FIXED-LENGTH DATA ELEMENTS

  • fixed length control field: 211124|| aca||aabn | a|a d

040 ## - CATALOGING SOURCE

  • Original cataloging agency: NUST
  • Transcribing agency: NUST

100 ## - HEADING--PERSONAL NAME

  • Personal name: Holt, David H

670 ## - SOURCE DATA FOUND

  • Source citation: Work cat.: (NUST)33312: Holt, David H., Entrepreneurship :, c2010.
© 2023 Central Library, National University of Sciences and Technology. All Rights Reserved.